[Event "EU-Cup 18th"]
[Site "Kallithea"]
[Date "2002.09.22"]
[Round "1.6"]
[White "Horvath, Tamas"]
[Black "Bolcan, Engin"]
[Result "1-0"]
[WhiteElo "2411"]
[BlackElo "2033"]
[PlyCount "63"]
[EventDate "2002.09.22"]
[EventType "team-swiss"]
[EventRounds "7"]
[EventCountry "GRE"]
[SourceTitle "CBM 092"]
[Source "ChessBase"]
[SourceDate "2003.02.06"]
[SourceVersion "1"]
[SourceVersionDate "2003.02.06"]
[SourceQuality "1"]
[WhiteTeam "Zalaegerszeg"]
[BlackTeam "Istanbul Teknik Uni"]
[WhiteTeamCountry "HUN"]
[BlackTeamCountry "TUR"]

1. e4 d5 2. exd5 Qxd5 3. Nc3 Qa5 4. d4 Bf5 5. Nge2 Nf6 6. Ng3 Bg6 7. Bc4 e6 8. 0-0 c6 9. Qe2 Be7 10. f4 Nbd7 11. Kh1 b5 12. Bb3 b4 13. Nd1 Nh5 14. Ne4 0-0 15. Ndf2 Nhf6 16. Bd2 Qb5 17. Bc4 Qb6 18. c3 a5 19. Ng5 Kh8 20. Nd3 Rae8 21. Rae1 Nd5 22. Nf3 c5 23. Nde5 Nxe5 24. Nxe5 cxd4 25. Nd7 d3 26. Bxd3 Qd6 27. Nxf8 Bxf8 28. f5 bxc3 29. bxc3 Nxc3 30. Bxc3 Bh5 31. Qxh5 Qxd3 32. Qxf7 1-0